| 000 | 01090nam a22003377a 4500 | ||
|---|---|---|---|
| 003 | CHAP | ||
| 005 | 20220329135031.0 | ||
| 008 | 971013s1974 r 00010 d | ||
| 010 | _a29888 | ||
| 011 | _a30860 | ||
| 035 | _a34972 | ||
| 040 | _cCHAP | ||
| 090 | _aFolleto 5107 | ||
| 100 | 0 | 0 |
_aMaldonado, Enrique. _970144 |
| 245 | _aPreparación de cebos para el combate de ratas | ||
| 260 |
_aGuatemala : _bDepartamento de Divulgación Agrícola, _c1974 |
||
| 300 |
_a4 p. _b: ilus |
||
| 490 | _aTemas agrícolas | ||
| 590 |
_aBATCH-UPD _b10 _c20130109 _lUCH01 _h2309 |
||
| 590 |
_aBATCH-UPD _b10 _c20130110 _lUCH01 _h0137 |
||
| 590 |
_aBATCH-UPD _b10 _c20130110 _lUCH01 _h2246 |
||
| 590 |
_aBATCH-UPD _b10 _c20130410 _lUCH01 _h1540 |
||
| 590 |
_aBATCH-UPD _b10 _c20130914 _lUCH01 _h1741 |
||
| 590 |
_aCONVERSION _b10 _c20130109 _lUCH01 _h1317 |
||
| 650 | 1 | 4 |
_aRatas _xExterminio. _994731 |
| 830 | 0 |
_aTemas agrícolas _9112118 |
|
| 901 | _aBK | ||
| 942 | _cFOLL | ||
| 949 |
_aFolleto 5107 _bBC _cFOLL _d-80824 _eTS1 _i34972 _mD _si |
||
| 949 |
_aFolleto 5107 _bBC _cFOLL _d-80826 _eTS2 _fc.2 _i34972 _mD _si |
||
| 999 |
_c29888 _d29888 |
||